00765nam a2200169 a 4500008004100000050001600041100001900057245014500076260006900221300000900290350000900299500014500308650001300453650006600466650000800532710005500540100204s2002 ||||||||||||||||| || u aHV 7436 Uni aUnited Nations10aProgramme of action to prevent, combat and eradicate the illicit trade in small arms and light weapons in all its aspectscby United Nations aNew York:bUnited Nations department of Public informationc2002 a94p. a0.00 aAdopted by the United Nations conference on the illicit trade in small arms and light weapons in all its aspects, New York, 9 - 20 July 2001 aFIREARMS aILLEGAL ARMS TRANSFERS--PREVENTION--INTERNATIONAL COOPERATION aWAR aUnited Nations Economic and Social Affairs (UNESA)